FINANCIAL MODELING FOR ENGINEERS & ACCOUNTANTS Made Easy

Bibliographic Details
Main Author: Abdul Maulud Abdul Latif (Author)
Format: Book
Published: Kuala Lumpur: Prof. Dr. Ir. Abdul Maulud Abdul Latif, 2012.
Subjects:
LEADER 00753cam a2200229 7i4500
001 0000037012
005 20221116090000.0
007 ##ta
008 221116s2012 my a e eng
020 # # |a 9789671068007  
040 # # |a MATR 
090 0 # |a B 658.15   |b ABD 
100 0 # |a Abdul Maulud Abdul Latif   |e author  
245 1 0 |a FINANCIAL MODELING FOR ENGINEERS & ACCOUNTANTS Made Easy   |c Maulud Latif. 
264 # 1 |a Kuala Lumpur:   |b Prof. Dr. Ir. Abdul Maulud Abdul Latif,   |c 2012. 
300 # # |a xiii, 361 pages:   |b illustrations;   |c 23 cm. 
336 # # |a text   |2 rdacontent 
337 # # |a unmediated   |2 rdamedia 
338 # # |a volume   |2 rdacarrier 
650 # 0 |a Accounting  
650 # 0 |a Financial engineering  
999 |a 0000041742  |b Book  |c Book  |e Business Information Centre